|
|
|
|
| LEADER |
00888nab a2200229 i 4500 |
| 001 |
misc61642 |
| 005 |
20230111080556.0 |
| 008 |
220412s1960 hu o 0|| tur d |
| 040 |
|
|
|a SZTE Miscellanea Repozitórium
|b hun
|
| 041 |
|
|
|a tur
|
| 100 |
1 |
|
|a Hazai György
|
| 245 |
1 |
0 |
|a Kiril harfleriyle yazılan Türk metinleri
|h [elektronikus dokumentum] /
|c Hazai György
|
| 260 |
|
|
|a Türk Tarih Kurumu Basımevi
|b Ankara
|c 1960
|
| 300 |
|
|
|a 83-86
|c 24 cm
|
| 300 |
|
|
|a [4] p.
|c 24 cm
|
| 490 |
0 |
|
|a Bilimsel bildiriler, 1957 : VIII. Türk Dil Kurultayına okunan bilimsel bildiriler
|
| 561 |
|
|
|a Németh Gyula hagyaték
|
| 591 |
|
|
|a LOA 1445; NOA 2263
|
| 650 |
|
4 |
|a Bölcsészettudományok
|
| 650 |
|
4 |
|a Nyelvek és irodalom
|
| 695 |
|
|
|a Oszmán-török nyelvemlék - cirill írásos - 18-19. sz. - hangtan
|
| 856 |
4 |
0 |
|u http://misc.bibl.u-szeged.hu/61642/1/2263_noa_h46.pdf
|z Dokumentum-elérés
|